000
00216nam a2200097Ia 4500
008
220204s9999 xx 000 0 und d
082
_a
82-3
_b
MAL
100
_a
Malamud, Bernard
245
0
_a
Dubin's lives
942
_c
BK
999
_c
35756
_d
35756